Tourism : (Record no. 31619)

000 -LEADER
fixed length control field 01083cam a22003498i 4500
001 - CONTROL NUMBER
control field 19754223
003 - CONTROL NUMBER IDENTIFIER
control field OSt
005 - DATE AND TIME OF LATEST TRANSACTION
control field 20230622085548.0
008 - FIXED-LENGTH DATA ELEMENTS--GENERAL INFORMATION
fixed length control field 170622s2018 enk b 000 0 eng
010 ## - LIBRARY OF CONGRESS CONTROL NUMBER
LC control number 2017030217
020 ## - INTERNATIONAL STANDARD BOOK NUMBER
International Standard Book Number 9781292172354 (print)
020 ## - INTERNATIONAL STANDARD BOOK NUMBER
Canceled/invalid ISBN 9781292172392 (pdf)
020 ## - INTERNATIONAL STANDARD BOOK NUMBER
Canceled/invalid ISBN 9781292172361 (epub)
022 ## - INTERNATIONAL STANDARD SERIAL NUMBER
International Standard Serial Number 9781292172354
040 ## - CATALOGING SOURCE
Original cataloging agency DLC
Language of cataloging eng
Description conventions rda
Transcribing agency DLC
042 ## - AUTHENTICATION CODE
Authentication code pcc
050 00 - LIBRARY OF CONGRESS CALL NUMBER
Classification number G155.A1
Item number F57 2018
082 00 - DEWEY DECIMAL CLASSIFICATION NUMBER
Classification number 910
Edition number 23
100 1# - MAIN ENTRY--PERSONAL NAME
Personal name Fletcher, John
Fuller form of name (John Edward)
245 10 - TITLE STATEMENT
Title Tourism :
Remainder of title principles and practice /
Statement of responsibility, etc. John Fletcher, Alan Fyall, David Gilbert, Stephen Wanhill.
250 ## - EDITION STATEMENT
Edition statement Sixth edition.
263 ## - PROJECTED PUBLICATION DATE
Projected publication date 1707
264 #1 - PRODUCTION, PUBLICATION, DISTRIBUTION, MANUFACTURE, AND COPYRIGHT NOTICE
Place of production, publication, distribution, manufacture Harlow, United Kingdom :
Name of producer, publisher, distributor, manufacturer Pearson,
Date of production, publication, distribution, manufacture, or copyright notice 2018.
300 ## - PHYSICAL DESCRIPTION
Extent pages cm
336 ## - CONTENT TYPE
Content type term text
Content type code txt
Source rdacontent
337 ## - MEDIA TYPE
Media type term unmediated
Media type code n
Source rdamedia
338 ## - CARRIER TYPE
Carrier type term volume
Carrier type code nc
Source rdacarrier
650 #0 - SUBJECT ADDED ENTRY--TOPICAL TERM
Topical term or geographic name as entry element Tourism.
906 ## - LOCAL DATA ELEMENT F, LDF (RLIN)
a 7
b cbc
c orignew
d 1
e ecip
f 20
g y-gencatlg
942 ## - ADDED ENTRY ELEMENTS (KOHA)
Source of classification or shelving scheme
Koha item type Hard Covered Materials
Classification part G 155 .A1F57 2018
Holdings
Withdrawn status Lost status Source of classification or shelving scheme Damaged status Not for loan Home library Current library Shelving location Date acquired Source of acquisition Cost, normal purchase price Total Checkouts Full call number Barcode Date last seen Price effective from Koha item type
          MACHAKOS UNIVERSITY LIBRARY MACHAKOS UNIVERSITY LIBRARY Open shelf 16/06/2023 Falcon 5355.00   G 155 .A1F57 2018 39415 22/06/2023 22/06/2023 Hard Covered Materials
© Machakos University Library, Along The Highway, Machakos Wote Rd, Machakos, Kenya P.O. Box 136 - 90100 Machakos - Kenya

Tel: ( +254 ) 723 805829 OR Fax : 044-20353 OR Email: library@mksu.ac.ke